Normal view
MARC view
Entry Personal Name
001 - CONTROL NUMBER
- control field: 46057
003 - CONTROL NUMBER IDENTIFIER
- control field: dpl
005 - DATE AND TIME OF LATEST TRANSACTION
- control field: 20120430124952.0
008 - FIXED-LENGTH DATA ELEMENTS
- fixed length control field: 120430|||a|||||| | ||| d
040 ## - CATALOGING SOURCE
- Original cataloging agency: dpl
- Transcribing agency: dpl
100 ## - HEADING--PERSONAL NAME
- Personal name: Mariappan, P.
670 ## - SOURCE DATA FOUND
- Source citation: Work cat.: (dpl): Mariappan, P., Computer programming :, 1996
670 ## - SOURCE DATA FOUND
- Source citation: Work cat.: (dpl): Mariappan, P., Computer programming :, 1996
